| 000 | 00413nam a2200181Ia 4500 | ||
|---|---|---|---|
| 003 | 0STCL | ||
| 008 | 150530s9999 xx 000 0 und d | ||
| 040 |
_aSTCL _cSTCL |
||
| 100 | _aNewman,W.M.;Sproull,R.F. | ||
| 245 | _aPrinciples of Interactive Computer Graphics | ||
| 250 | _aSecond | ||
| 260 | _c2003 | ||
| 300 | _a0 | ||
| 546 | _aEnglish | ||
| 942 |
_2ddc _cBK |
||
| 999 |
_c1429 _d1429 |
||
| 005 | 20220125160220.0 | ||